| 000 | 01136nam a2200229Ia 4500 | ||
|---|---|---|---|
| 999 |
_c42045 _d42045 |
||
| 001 | 8735 | ||
| 003 | GE_BSU | ||
| 005 | 20240527172620.0 | ||
| 008 | 181216s||||||||xx |||||||||||||| ||und|| | ||
| 040 | _cGE_BSU | ||
| 041 | _ageo | ||
| 080 | _a821.353.1(092)+811.353.1-26+811.353.1'38 ლ–41 | ||
| 100 |
_aლემონჯავა, ნ. _98916 |
||
| 245 |
_aკონსტანტინე გამსახურდიას ენისა და სტილის საკითხები / _cნ.ლემონჯავა ; აფხაზეთის ა. მ. გორკის სახ. სახელმწ. უნ-ტი. |
||
| 264 |
_aთბილისი : _bთბილისის უნ–ტის გამ–ბა, _c1981. |
||
| 300 |
_a152 გვ. ; _c22 სმ. |
||
| 500 | _aპირთა საძიებელი გვ.151 | ||
| 520 | _aრეზიუმე რუსულ ენაზე | ||
| 541 | _h3ლ. | ||
| 653 | _aკონსტანტინე გამსახურდიას ენისა და სტილის საკითხები | ||
| 942 |
_cBK _2udc |
||